Web 2.0 technológie v malých a stredných podnikoch

Guardado en:
Detalles Bibliográficos
Autor principal: Pituch, Ján, 1987- (Autor)
Otros Autores: Mišota, Branislav, 1977- (Orientador)
Formato: Manuscrito Libro
Lenguaje:eslovaco
Publicado: Bratislava : STU v Bratislave FEI, 2010
Materias:
Acceso en línea:VAIS
Etiquetas: Agregar Etiqueta
Sin Etiquetas, Sea el primero en etiquetar este registro!

MARC

LEADER 00000ntm a22000003a 4500
001 stu209708
005 20150617230103.0
008 100818s2010------------------------slo-d
040 |a STU  |b slo 
041 0 |a slo 
100 1 |a Pituch, Ján,  |d 1987-  |4 aut  |u E  |T FEI Fakulta elektrotechniky a informatiky  |X 51299  |U E  |Y 30  |7 A000051299 
242 0 0 |a Web 2.0 technologies in little and middle business  |y eng 
245 1 |a Web 2.0 technológie v malých a stredných podnikoch 
260 |a Bratislava :  |b STU v Bratislave FEI,  |c 2010 
300 |a 45 s 
650 7 |a priemyselná informatika  |2 stusub 
650 7 |a e-commerce  |2 estusub 
650 7 |a web  |2 stusub 
650 7 |a e-commerce  |2 estusub 
650 7 |a automatizácia  |2 stusub 
650 7 |a web  |2 stusub 
650 7 |a Aplikovaná informatika  |2 stusub 
700 1 |a Mišota, Branislav,  |d 1977-  |4 ths  |u R2020  |U Ostatné univerzitné pracoviská  |T Ústav manažmentu STU  |X 10004  |U R2020  |Y 232  |7 A000010004 
856 4 |a info a plný text  |u http://is.stuba.sk/zp/portal_zp.pl?podrobnosti=50634  |3 VAIS